A la búsqueda de una ética en el periodismo /

El autor examina en este libro las cuestiones éticas que conciernen al periodismo.

Guardat en:
Dades bibliogràfiques
Autor principal: Goodwin, H. Eugene (autor)
Format: Llibre
Idioma:espanyol
Publicat: México : Gernika, 1986, c1986
Matèries:
Etiquetes: Afegir etiqueta
Sense etiquetes, Sigues el primer a etiquetar aquest registre!

MARC

LEADER 00000nam^a2200000^a^4500
001 000022348
005 20250521000000.0
009 20260310084453.711
020 |a 968-6642-41-2 
037 |a Acervo ITESO - Biblioteca 
041 |a ESP 
082 |a 175. 1  |b GOO 
100 |a Goodwin, H. Eugene  |e (autor) 
245 1 0 |a A la búsqueda de una ética en el periodismo /  |c H.E. Goodwin ; tr. por Manuel Noriega. 
264 4 |a México :  |b Gernika,  |c 1986, c1986 
300 |a 444 p. 
336 |a texto  |b txt  |2 rdacontenido 
337 |a sin mediación  |b n  |2 rdamedio 
338 |a volumen  |b nc  |2 rdasoporte 
500 |a Traducción de: Groping for Ethics in Journalism 
520 |a El autor examina en este libro las cuestiones éticas que conciernen al periodismo. 
649 |a XX 
650 |a Etica Periodística 
650 |a Etica Profesional 
650 |a Periodismo 
650 |a Medios de Comunicación 
650 |a Comunicación Masiva 
910 |a Fondo General 
920 |a Impresos - Libros 
930 |a Colección General 
905 |a 101 
901 |a 0223480100  |b IT1  |c ACC  |i 022348  |u 20250521 
902 |a https://opac.biblio.iteso.mx/vufind/Record/000022348